000 00805nam a2200265Ia 4500
001 Para_8210
003 CHAP
008 220125s9999 xx 000 0 und d
010 _a207097
040 _cCHAP
082 _aPA-C 595.752 A6
100 _aEssig, E. O.
_9167428
245 _aAphididae of southern California IV /
_c by E.O. Essig
300 _a2 p.
440 _aAphidae; 5
_9173558
500 _aSobretiro de: Pomona Journal of Entomology 2 (2): 223-224, 1910. Encuadernado con otros impresos similares
650 _a
_x Afididos
_x Colecciones de escritos
_x Afididos
_x California
_9173563
901 _aPA-C 595.752 A6
902 _aA
905 _a000000 0000000000 00
910 _a
942 _cPARA
942 _cPARA
_d1
999 _c207097
_d207097